| 000 | 00804cam a2200217 4500 | ||
|---|---|---|---|
| 001 | WS110498 | ||
| 008 | 000000n 000 0 eng u | ||
| 035 | _a(Sirsi) u110498 | ||
| 110 |
_aAustralian Property Institute _94013 |
||
| 245 | _aAustralian Property Institute | ||
| 520 | _aSite for this Australian property organisation including details of the latest issue of the journal 'Australian Property Journal' and their code of ethics and rules of conduct. | ||
| 650 | _aAUSTRALIA | ||
| 650 | _aINTERNATIONAL | ||
| 650 |
_aValuation _96273 |
||
| 650 | _aETHICS | ||
| 650 | _aORGANISATION | ||
| 650 |
_aValuation _96273 |
||
| 690 | _aINTERNATIONAL-AUSTRALASIA | ||
| 856 | 4 | 0 |
_uhttps://www.propertyinstitute.com.au _zView the website free of charge at www.propertyinstitute.com.au... |
| 942 | _n0 | ||
| 999 |
_c119761 _d119761 |
||